01685nam a2200217 a 450000100100000000500170001000800410002704000250006808200210009311102050011424502070031926000400052630000210056650000380058750505780062565000420120365000410124565000390128695201250132599900170145000002435120200930022933.0110126s1996 ec a r 000 | spa d aDO-SdBNPbspacBNPHU a320.49866bS471i1 aSeminario internacional organizado por la Corporación de Estudios para el desarrollo (CORDES) y el programa de las Naciones Unidas para el Desarrollo(PNUD)cQuito :d22 al 24 de julio de 199694994010aEcuador :bun problema de gobernabilidad /cSeminario internacional organizado por la Corporación de Estudios para el desarrollo (CORDES) y el programa de las Naciones Unidas para el Desarrollo(PNUD). aQuito, (Ecuador) :bCORDES ,c1996. a292 p. ;c20 cm. aIncluye notas al pie de páginas0 tPresentación /rOsvaldo HurtadotEl concepto de gobernabilidad. Modelos positivos y negativos /rMichael CoppedgetArmonización de reformas económicas con reformas políticas /rForrest ColburntLa cultura política y ciudadana en el Ecuador /rFernando BustamantetPolítica económica y gobernabilidad en el Ecuador /rGermánico SalgadotGobernabilidad democrática. La experiencia de Bolivia /rGustavo FernándeztReflexiones sobre la gobernabilidad. El caso de Chile /rRicardo SolaritLo ingobernabilidad en la sociedad /rCharles Melman, Marcel Czermak 4aEcuadorxPolítica y gobierno949941 4aEcuadorxCondiciones sociales949942 4aReforma políticazEcuador949943 001054708MOaGRbGRcCTd2011-01-26iLF1l0o320.49866 S471ip24351-10r2020-06-25w2020-06-25y4ZPréstamo en sala c23844d23844